000 01428nam a22002057a 4500
008 100706s1996 ua|||||r|||| 001 0 ara d
082 _222
_a224
_bد ا م
100 _915937
_a الدامغاني، الحسين بن محمد
_d398-478 ه
_qأبو عبد الله الحسين بن محمد الدامغاني
245 _aالوجوه والنظائر :
_bلألفاظ كتاب الله العزيز /
_cأبي عبد الله الحسين بن محمد الدامغاني؛ حققه وقدم له محمد حسن أبو العزم الزفيتي
260 _aالقاهرة :
_bوزارة الاوقاف، المجلس الأعلى للشئون الاسلامية، لجنة احياء التراث، 1996
_c1996
300 _a2 مج ؛
_c27 سم
500 _aيشتمل على فهارس
541 _aألف باء؛
_cشراء ؛
650 _914883
_aالقرآن
_xألفاظ
650 _914884
_aالقرآن، علوم
700 _915939
_aالزفيتي، محمد حسن أبو العزم
_eمحقق ومقدم
942 _2ddc
_cBB
999 _c14387
_d14387